[Event "21st Czech GM Open"]
[Site "Pardubice CZE"]
[Date "2010.07.28"]
[Round "6"]
[White "Hasangatin,R"]
[Black "Stocek,J"]
[Result "1/2-1/2"]
[WhiteElo "2498"]
[BlackElo "2587"]
[EventDate "2010.07.23"]

1. e4 Nf6 2. e5 Nd5 3. d4 d6 4. Nf3 dxe5 5. Nxe5 c6 6. Qf3 Be6 7. c3 Nd7 8.
Nxd7 Qxd7 9. Be2 h5 10. O-O Bg4 11. Qd3 e6 12. a4 Bd6 13. Na3 Rd8 14. Nc4
Bb8 15. Re1 Qc7 16. g3 Bf5 17. Qf3 Qe7 18. Bf1 h4 19. Ne3 Bg6 20. Bg2 hxg3
21. hxg3 Bh5 22. Qe4 Bg6 23. Qf3 Bh5 24. Qe4 Bg6 1/2-1/2

[Event "21st Czech GM Open"]
[Site "Pardubice CZE"]
[Date "2010.07.28"]
[Round "6"]
[White "Cvek,R"]
[Black "Grigoriants,S RUS"]
[Result "1/2-1/2"]
[WhiteElo "2473"]
[BlackElo "2566"]
[EventDate "2010.07.23"]

1. d4 Nf6 2. c4 e6 3. Nf3 d5 4. g3 dxc4 5. Bg2 c6 6. Ne5 c5 7. Be3 Nbd7 8.
Nxc4 Nd5 9. Nc3 Nxe3 10. Nxe3 cxd4 11. Qxd4 Qb6 12. Qxb6 Nxb6 13. O-O Bc5
14. Rac1 Bxe3 15. fxe3 Ke7 16. Ne4 Rd8 17. Rc7+ Rd7 18. Rfc1 Rxc7 19. Rxc7+
Nd7 20. g4 1/2-1/2

[Event "21st Czech GM Open"]
[Site "Pardubice CZE"]
[Date "2010.07.28"]
[Round "6"]
[White "Michiels,B"]
[Black "Maslak,K"]
[Result "0-1"]
[WhiteElo "2460"]
[BlackElo "2560"]
[EventDate "2010.07.23"]

1. e4 d6 2. d4 Nf6 3. Nc3 e5 4. Nf3 Nbd7 5. Bc4 Be7 6. O-O O-O 7. Re1 c6 8.
a4 Qc7 9. a5 h6 10. h3 Re8 11. Be3 Bf8 12. Bb3 exd4 13. Bxd4 Ne5 14. Nd2
Be6 15. Bxe6 fxe6 16. Bxe5 dxe5 17. Qe2 b5 18. axb6 axb6 19. Nb3 b5 20. Ra2
Rxa2 21. Nxa2 Ra8 22. Ra1 Kf7 23. Nac1 Rxa1 24. Nxa1 Qa7 25. Nab3 Qa4 26.
Nd3 Bd6 27. f4 Qa7+ 28. Kh1 Qc7 29. Nd2 g6 30. g4 Nd7 31. f5 Qd8 32. fxg6+
Kxg6 33. Kg2 Kg7 34. Qe3 c5 35. c4 Qa5 36. cxb5 Qxb5 37. g5 hxg5 38. b3 Be7
39. Nb2 Nf8 40. Nbc4 Ng6 41. Qc3 Bf6 42. Qa5 Nf4+ 43. Kh2 Qe8 44. Qc7+ Kh6
45. Qxc5 Qh5 46. Qe3 g4 47. b4 Bg5 48. Nf1 Nxh3 49. Qc5 Qf7 50. Ng3 Bf4 51.
Ne3 Kg5 52. Nef1 Kh4 53. b5 Bxg3+ 54. Nxg3 Qf3 55. Qe7+ Ng5 56. Nh1 g3+ 57.
Kg1 Kh3 0-1

[Event "21st Czech GM Open"]
[Site "Pardubice CZE"]
[Date "2010.07.28"]
[Round "6"]
[White "Kravtsiv,M"]
[Black "Potapov,P"]
[Result "1/2-1/2"]
[WhiteElo "2559"]
[BlackElo "2445"]
[EventDate "2010.07.23"]

1. e4 c5 2. Nf3 Nc6 3. d4 cxd4 4. Nxd4 e5 5. Nb5 d6 6. c4 Be7 7. N1c3 a6 8.
Na3 f5 9. exf5 Bxf5 10. Bd3 Be6 11. O-O Nf6 12. Nc2 O-O 13. Nd5 b5 14. b3
Rc8 15. Nce3 Nd4 16. Bb2 Kh8 17. Kh1 Nxd5 18. Nxd5 Bg5 19. Bxd4 exd4 20.
Qh5 Bh6 21. Rae1 Bf7 22. Qg4 Bxd5 23. cxd5 Rf4 24. Qe6 g6 25. g3 Rf3 26.
Be4 Rf6 27. Qh3 Bg7 28. f4 Rc3 29. Rd1 Qe8 30. Rfe1 Re3 31. Rxe3 dxe3 32.
Bf3 g5 1/2-1/2

[Event "21st Czech GM Open"]
[Site "Pardubice CZE"]
[Date "2010.07.28"]
[Round "6"]
[White "Pridorozhni,A"]
[Black "Klovans,J"]
[Result "1/2-1/2"]
[WhiteElo "2553"]
[BlackElo "2444"]
[EventDate "2010.07.23"]

1. e4 e5 2. Nf3 Nc6 3. Bc4 Nf6 4. d3 Bc5 5. Bg5 d6 6. Nc3 h6 7. Bxf6 Qxf6
8. Nd5 Qd8 9. c3 a6 10. d4 exd4 11. cxd4 Ba7 12. h3 O-O 13. O-O Ne7 14. Nf4
b5 15. Bb3 c5 16. d5 Ng6 17. Nxg6 fxg6 18. e5 Bf5 19. e6 c4 20. Bc2 Bxc2
21. Qxc2 Rxf3 22. gxf3 Qg5+ 23. Kh1 Qh5 24. Qe4 1/2-1/2

[Event "21st Czech GM Open"]
[Site "Pardubice CZE"]
[Date "2010.07.28"]
[Round "6"]
[White "Morozov,D"]
[Black "Kuljasevic,D"]
[Result "1/2-1/2"]
[WhiteElo "2354"]
[BlackElo "2551"]
[EventDate "2010.07.23"]

1. e4 e6 2. d4 d5 3. Nc3 Nf6 4. e5 Nfd7 5. f4 c5 6. Nf3 Nc6 7. Be3 Qb6 8.
Na4 Qa5+ 9. c3 c4 10. b4 Qc7 11. g3 Be7 12. Bh3 b5 13. Nc5 a5 14. a3 Nxc5
15. dxc5 axb4 16. axb4 Rxa1 17. Qxa1 O-O 18. Nd4 Nxd4 19. Bxd4 Bd7 20. O-O
Qc6 21. Qe1 Ra8 22. g4 Qa6 23. f5 Bf8 24. Bg2 Qa2 25. h4 Qb2 26. Qg3 Ra1
27. Qf4 Rxf1+ 28. Bxf1 h6 29. Bg2 Qb1+ 30. Kh2 Qc2 31. f6 g6 32. Qf1 Qb2
33. Kg3 Bc6 34. Bf3 Kh8 35. Qe1 Kg8 36. Be3 Kh7 37. Bd2 Qc2 38. Qe3 Qb1 39.
Kf2 Kg8 40. Qd4 Kh7 41. Bf4 Qc2+ 42. Kg3 Qb1 43. Qd2 Qg1+ 44. Kh3 Qf1+ 45.
Bg2 Qb1 46. Kg3 Bb7 47. Kf2 Bc6 48. Bf3 Bb7 49. Be3 Bc6 50. Bd4 Kg8 51. Bd1
Qe4 52. Kg3 Qb1 53. Qe2 Qc1 54. Bc2 Bb7 55. Qf2 Bc6 56. Kh2 Qa1 57. Qe2 Kh8
58. Bd1 Qc1 59. Kg3 Kg8 60. Bc2 Qa1 61. Kh2 Bb7 62. Kg2 Bc6 63. Qd2 Kh8 64.
Bd1 Qb1 65. Bf3 Kh7 66. Be3 Bb7 67. Kf2 Bc6 68. Bf4 Bb7 69. Bd1 Qa1 70. Be3
Bc6 71. Kg3 Bb7 72. Qc2 Kg8 73. Bc1 Kh8 74. Qd2 Kg8 75. Bc2 Bc6 76. Kh2 Bb7
77. Kg3 Bc6 78. Kf2 Bb7 79. Ke2 Bc6 80. Qe3 Qa2 81. Kd1 1/2-1/2

[Event "21st Czech GM Open"]
[Site "Pardubice CZE"]
[Date "2010.07.28"]
[Round "6"]
[White "Panarin,M"]
[Black "Richter,Mic"]
[Result "1/2-1/2"]
[WhiteElo "2531"]
[BlackElo "2428"]
[EventDate "2010.07.23"]

1. e4 e6 2. d4 d5 3. e5 c5 4. c3 Nc6 5. Nf3 Qb6 6. a3 Nh6 7. b4 cxd4 8.
cxd4 Nf5 9. Bb2 Bd7 10. g4 Nfe7 11. Nc3 h5 12. Na4 Qd8 13. Nc5 Rb8 14. g5
Ng6 15. h4 Bxc5 16. dxc5 1/2-1/2

[Event "21st Czech GM Open"]
[Site "Pardubice CZE"]
[Date "2010.07.28"]
[Round "6"]
[White "Nabaty,T"]
[Black "Allahverdiev,A"]
[Result "1-0"]
[WhiteElo "2523"]
[BlackElo "2410"]
[EventDate "2010.07.23"]

1. e4 c5 2. Nf3 g6 3. d4 cxd4 4. Nxd4 Bg7 5. c4 Nc6 6. Be3 Nf6 7. Nc3 d6 8.
Be2 O-O 9. O-O Bd7 10. Qd2 Nxd4 11. Bxd4 Bc6 12. f3 a5 13. b3 Nd7 14. Be3
Nc5 15. Rac1 Qb6 16. Nd5 Bxd5 17. cxd5 Rfc8 18. Rc4 Qd8 19. Rfc1 b5 20.
Rxc5 dxc5 21. Bxb5 Bd4 22. Bc6 Rab8 23. Bxd4 cxd4 24. Qxd4 e6 25. Qc5 exd5
26. exd5 Qb6 27. Rc4 Kg7 28. Qxb6 Rxb6 29. Ra4 Rb4 30. Rxa5 Rd4 31. Kf2 Rc7
32. Rc5 Kf6 33. a4 Ke5 34. Ke3 Rd1 35. b4 Kd6 36. Rc2 Rxd5 37. b5 Re7+ 38.
Kf2 Rc5 39. Rb2 Rc4 40. Ra2 Kc5 41. a5 f5 42. Rd2 Kb4 43. Bd5 Rc8 44. a6
Kxb5 45. Bb7 Rce8 46. Rb2+ Kc4 47. a7 Kc3 48. Rb1 Kc2 49. Rb6 f4 50. Be4+
Kd1 51. Rd6+ 1-0

[Event "21st Czech GM Open"]
[Site "Pardubice CZE"]
[Date "2010.07.28"]
[Round "6"]
[White "Danin,A"]
[Black "Jorczik,J"]
[Result "1-0"]
[WhiteElo "2509"]
[BlackElo "2389"]
[EventDate "2010.07.23"]

1. e4 e6 2. d4 d5 3. Nc3 Nf6 4. e5 Nfd7 5. f4 c5 6. Nf3 Nc6 7. Be3 Be7 8.
Qd2 O-O 9. Be2 b6 10. Nd1 cxd4 11. Nxd4 Nxd4 12. Bxd4 f6 13. exf6 Bxf6 14.
O-O Bxd4+ 15. Qxd4 Qf6 16. c3 Nc5 17. Ne3 Ba6 18. Qxf6 Rxf6 19. Bxa6 Nxa6
20. f5 Nc7 21. Rad1 Re8 22. fxe6 Rfxe6 23. Nc2 Re2 24. Rf2 a6 25. Kf1 Rxf2+
26. Kxf2 Kf7 27. Rd4 Re5 28. Rf4+ Kg6 29. Rb4 Re6 30. Ne3 Kf7 31. Rh4 Rf6+
32. Ke2 h6 33. Rb4 g6 34. Rd4 Ne6 35. Rd2 Nf4+ 36. Kd1 Rd6 37. Rf2 Rf6 38.
Ng4 1-0

[Event "21st Czech GM Open"]
[Site "Pardubice CZE"]
[Date "2010.07.31"]
[Round "9"]
[White "Sethuraman,S"]
[Black "Korobov,A"]
[Result "1/2-1/2"]
[WhiteElo "2513"]
[BlackElo "2657"]
[EventDate "2010.07.23"]

1. e4 e6 2. d4 d5 3. Nd2 c5 4. exd5 exd5 5. Bb5+ Nc6 6. Ngf3 Bd6 7. dxc5
Bxc5 8. O-O Nge7 9. Nb3 Bb6 10. c4 O-O 11. Bxc6 dxc4 12. Be4 1/2-1/2

[Event "21st Czech GM Open"]
[Site "Pardubice CZE"]
[Date "2010.07.31"]
[Round "9"]
[White "Richter,Mic"]
[Black "Gabrielian,A"]
[Result "0-1"]
[WhiteElo "2428"]
[BlackElo "2559"]
[EventDate "2010.07.23"]

1. d4 Nf6 2. Nf3 g6 3. c4 Bg7 4. Nc3 d5 5. Qb3 dxc4 6. Qxc4 O-O 7. e4 Na6
8. Be2 c5 9. d5 e6 10. O-O exd5 11. exd5 Re8 12. Rd1 Bf5 13. Nh4 Bd7 14.
Be3 b5 15. Qb3 c4 16. Qa3 Rxe3 17. fxe3 Qb6 18. b4 Qxe3+ 19. Kh1 Ne4 0-1

[Event "21st Czech GM Open"]
[Site "Pardubice CZE"]
[Date "2010.07.31"]
[Round "9"]
[White "Lalith,B"]
[Black "Kononenko,Dmitry1"]
[Result "1/2-1/2"]
[WhiteElo "2502"]
[BlackElo "2590"]
[EventDate "2010.07.23"]

1. Nf3 g6 2. c4 Bg7 3. d4 c5 4. e4 Qb6 5. dxc5 Qxc5 6. Be2 d6 7. O-O Bg4 8.
Be3 Qb4 9. Nc3 Nf6 10. a3 Qa5 11. b4 Qd8 12. Rc1 Nc6 13. b5 Bxf3 14. Bxf3
Ne5 15. Be2 Ned7 16. f4 Qa5 17. c5 Rc8 18. Qa4 Qxa4 19. Nxa4 Nxc5 20. Bxc5
dxc5 21. Nxc5 Nd5 22. e5 b6 23. Ne6 Nc3 24. Nxg7+ Kf8 25. Bg4 Rc5 26. Ne8
Kxe8 27. Rc2 e6 28. Rfc1 Na4 29. Rxc5 Nxc5 30. Bf3 Ke7 31. Rd1 Rc8 32. Kf2
Nd7 33. Bc6 Nb8 34. Bf3 Rc3 35. a4 Rc4 36. Ra1 Rxf4 37. a5 Rd4 38. axb6
axb6 39. Ke3 Rd8 40. Ra7+ Kf8 41. Rb7 Nd7 42. Kf4 h6 43. h4 Nc5 44. Rxb6
Rd4+ 45. Ke3 Rd3+ 46. Kf4 Rd4+ 47. Ke3 Rd3+ 48. Kf4 Rd4+ 1/2-1/2

[Event "21st Czech GM Open"]
[Site "Pardubice CZE"]
[Date "2010.07.31"]
[Round "9"]
[White "Stocek,J"]
[Black "Rasik,V"]
[Result "1-0"]
[WhiteElo "2587"]
[BlackElo "2491"]
[EventDate "2010.07.23"]

1. Nf3 Nf6 2. c4 g6 3. b4 Bg7 4. Bb2 O-O 5. g3 a5 6. b5 d6 7. Bg2 e5 8. d3
Nbd7 9. Qc2 Nc5 10. Nc3 Bf5 11. Nd2 Qc8 12. O-O Bh3 13. Nd5 Nxd5 14. cxd5
Bxg2 15. Kxg2 a4 16. Rab1 b6 17. a3 f5 18. Qc4 Qd7 19. d4 exd4 20. Bxd4
Bxd4 21. Qxd4 Rfe8 22. e3 Qf7 23. Rfd1 Re5 24. Nf3 Re4 25. Qc3 h6 26. Rb4
Rf8 27. h4 Rfe8 28. Rbd4 Nb3 29. Rc4 Nc5 30. Rcd4 Qg7 31. Qc2 Qf7 32. Kg1
Kg7 33. Rc4 Kg8 34. Qc3 R8e7 35. Rdd4 Re8 36. Qc2 R8e7 37. Rd1 Re8 38. Rcd4
Kh7 39. Rc4 Kg8 40. Rcd4 Kf8 41. Rc4 Rxc4 42. Qxc4 Re4 43. Qc3 Kg8 44. Qc2
Qf6 45. Rd4 g5 46. Qc4 Kf7 47. Kg2 Kg6 48. hxg5 hxg5 49. Nd2 Re8 50. g4 Rh8
51. Qc2 Kg7 52. gxf5 Qh6 53. Kf1 Qh1+ 54. Ke2 Qg2 55. f6+ Kxf6 56. Qc3 Ke7
57. Re4+ Nxe4 58. Qg7+ 1-0

[Event "21st Czech GM Open"]
[Site "Pardubice CZE"]
[Date "2010.07.31"]
[Round "9"]
[White "Ghaem Maghami,E"]
[Black "Smith,Ax"]
[Result "1-0"]
[WhiteElo "2585"]
[BlackElo "2416"]
[EventDate "2010.07.23"]

1. Nf3 Nf6 2. c4 g6 3. Nc3 d5 4. cxd5 Nxd5 5. Qa4+ Bd7 6. Qh4 Nxc3 7. bxc3
c5 8. Rb1 Qc7 9. Qg3 Qxg3 10. hxg3 b6 11. e4 Bg7 12. d4 Nc6 13. Bh6 Bxh6
14. Rxh6 cxd4 15. cxd4 O-O 16. Kd2 Kg7 17. Rh1 Rfd8 18. Ke3 h6 19. Bb5 Na5
20. Bxd7 Rxd7 21. Rhc1 Rb7 22. d5 b5 23. Ne5 Rb6 24. Rc7 Nc4+ 25. Nxc4 bxc4
26. Rc1 Rb2 27. R1xc4 Rxa2 28. Rb4 Re8 29. Rbb7 Ra3+ 30. Kd4 Ra2 31. Ke3
Ra3+ 32. Kd4 Ra2 33. f4 Rxg2 34. Rxe7 Rxe7 35. Rxe7 Rxg3 36. d6 Rg1 37.
Rxa7 Rd1+ 38. Kc5 h5 39. e5 h4 40. e6 h3 41. e7 Rc1+ 42. Kb4 Re1 43. Ra3 h2
44. Rh3 1-0

[Event "21st Czech GM Open"]
[Site "Pardubice CZE"]
[Date "2010.07.31"]
[Round "9"]
[White "Cvek,R"]
[Black "Schlosser,P"]
[Result "1/2-1/2"]
[WhiteElo "2473"]
[BlackElo "2575"]
[EventDate "2010.07.23"]

1. d4 Nf6 2. c4 e6 3. Nf3 b6 4. g3 Bb4+ 5. Bd2 a5 6. Bg2 O-O 7. O-O Ba6 8.
b3 d5 9. a3 Bxd2 10. Nbxd2 Nbd7 11. Re1 c5 12. cxd5 Nxd5 13. Rc1 Rc8 14. e4
Ne7 15. Bf1 Bxf1 1/2-1/2

[Event "21st Czech GM Open"]
[Site "Pardubice CZE"]
[Date "2010.07.31"]
[Round "9"]
[White "Baryshpolets,A"]
[Black "Panarin,M"]
[Result "1-0"]
[WhiteElo "2450"]
[BlackElo "2531"]
[EventDate "2010.07.23"]

1. d4 Nf6 2. c4 c5 3. d5 e6 4. Nc3 exd5 5. cxd5 d6 6. Nf3 g6 7. g3 Bg7 8.
Bg2 O-O 9. O-O Re8 10. Nd2 a6 11. a4 Nbd7 12. h3 Nh5 13. Nce4 Ndf6 14.
Nxf6+ Nxf6 15. Re1 Nd7 16. e4 Ne5 17. Ra3 f5 18. f4 Nf7 19. Kh2 fxe4 20.
Nxe4 Bd7 21. a5 Rb8 22. b3 b5 23. axb6 Qxb6 24. Bd2 Bf5 25. Qc1 Bxe4 26.
Bxe4 c4 27. b4 c3 28. Rxc3 Bxc3 29. Qxc3 Rbc8 30. Qd3 Re7 31. Kg2 Rec7 32.
Re2 Kf8 33. h4 Re8 34. Rf2 Rce7 35. Bf3 Nh6 36. g4 Ng8 37. g5 Rf7 38. Bg4
Ne7 39. Qc3 Qb7 40. Qh8+ Ng8 41. Qd4 h5 42. Bh3 Qb5 43. Be6 Rxe6 44. dxe6
Rf5 45. Qxd6+ Ne7 46. Kh2 Rd5 47. Qc7 Ke8 48. Qc3 Rf5 49. Be3 Qd5 50. Bc5
Qxe6 51. Qf3 Qc4 52. Qe3 1-0

[Event "21st Czech GM Open"]
[Site "Pardubice CZE"]
[Date "2010.07.31"]
[Round "9"]
[White "Potapov,P"]
[Black "Nabaty,T"]
[Result "1/2-1/2"]
[WhiteElo "2445"]
[BlackElo "2523"]
[EventDate "2010.07.23"]

1. e4 e5 2. Nf3 Nc6 3. Nc3 Nf6 4. d4 exd4 5. Nxd4 Bb4 6. Nxc6 bxc6 7. Bd3
O-O 8. O-O Qe7 9. Re1 d6 10. h3 Nd7 11. a3 Bxc3 12. bxc3 Rb8 13. f4 Re8 14.
Be3 c5 15. Qh5 Nf6 16. Qh4 Nxe4 17. Qxe7 Rxe7 18. Bxc5 dxc5 19. Rxe4 Rxe4
20. Bxe4 Kf8 21. Rd1 f5 22. Bc6 Ke7 23. Bf3 Rb6 24. Re1+ Re6 25. Kf2 Rxe1
26. Kxe1 Be6 27. Kd2 Kd6 28. Be2 Bd5 29. g3 c4 30. h4 Kc5 31. Bd1 Kb5 32.
Kc1 Bg2 33. Be2 Kc5 34. Kd2 Kb5 35. Ke3 Be4 36. Kd2 Kc5 37. Bd1 Bc6 38. Be2
Bd5 39. Bd1 Bf7 40. Be2 h5 41. Bf3 g6 42. Be2 Bd5 43. Bd1 Kb5 44. Kc1 Bg2
45. Be2 Kc5 1/2-1/2

[Event "21st Czech GM Open"]
[Site "Pardubice CZE"]
[Date "2010.07.31"]
[Round "9"]
[White "Vaibhav,S"]
[Black "Jovanovic,Zo CRO"]
[Result "1/2-1/2"]
[WhiteElo "2419"]
[BlackElo "2518"]
[EventDate "2010.07.23"]

1. e4 c5 2. Nf3 d6 3. d4 cxd4 4. Nxd4 Nf6 5. Nc3 Nc6 6. Bc4 e6 7. Be3 Be7
8. f4 O-O 9. Qf3 d5 10. O-O-O Bb4 11. Nde2 Qe7 12. exd5 exd5 13. Nxd5 Nxd5
14. Bxd5 Re8 15. Bd2 Qxe2 16. Bxc6 bxc6 17. Qxe2 Rxe2 18. Bxb4 Bf5 19. Rd2
Rae8 20. Rhd1 h5 21. g3 R8e4 22. Bd6 Rxd2 23. Rxd2 Re1+ 24. Rd1 Re2 1/2-1/2

[Event "21st Czech GM Open"]
[Site "Pardubice CZE"]
[Date "2010.07.31"]
[Round "9"]
[White "Haba,P"]
[Black "Blomqvist,E"]
[Result "1/2-1/2"]
[WhiteElo "2512"]
[BlackElo "2407"]
[EventDate "2010.07.23"]

1. e4 e5 2. Nf3 Nc6 3. Bb5 Nf6 4. O-O Bc5 5. Nxe5 Nxe4 6. Nf3 O-O 7. d4 Bb6
8. c3 Ne7 9. Bd3 d5 10. Qc2 Nf6 11. Bg5 Ng6 12. Ne5 Qd6 13. Nxg6 fxg6 14.
Bh4 Nh5 15. Nd2 Bg4 16. Rae1 Rae8 17. Rxe8 Rxe8 18. Bg3 Nxg3 19. hxg3 Qf6
20. Nb3 Bf5 21. Nc1 c6 22. Qd2 Bd7 23. Re1 Rxe1+ 24. Qxe1 Bc7 25. Bf1 Qe6
26. Qd1 Bxg3 27. fxg3 Qe3+ 28. Kh2 Qh6+ 29. Kg1 Qe3+ 30. Kh2 Qh6+ 1/2-1/2

[Event "21st Czech GM Open"]
[Site "Pardubice CZE"]
[Date "2010.07.31"]
[Round "9"]
[White "Zaslavsky,M"]
[Black "Gutman,G"]
[Result "1/2-1/2"]
[WhiteElo "2413"]
[BlackElo "2502"]
[EventDate "2010.07.23"]

1. e4 c5 2. Nf3 Nc6 3. d4 cxd4 4. Nxd4 Nf6 5. Nc3 d6 6. Bc4 e5 7. Nf3 Be6
8. Bb3 h6 9. O-O Be7 10. Re1 O-O 1/2-1/2

[Event "21st Czech GM Open"]
[Site "Pardubice CZE"]
[Date "2010.07.31"]
[Round "9"]
[White "Sabol,M"]
[Black "Durarbeyli,V"]
[Result "0-1"]
[WhiteElo "2371"]
[BlackElo "2501"]
[EventDate "2010.07.23"]

1. d4 d5 2. c4 c6 3. cxd5 cxd5 4. Nc3 Nf6 5. Nf3 e6 6. e3 Nc6 7. Bd3 Be7 8.
O-O O-O 9. a3 a6 10. b4 b5 11. Bb2 Bb7 12. e4 Nxb4 13. e5 Nxd3 14. Qxd3 Ne4
15. Nd2 Nxd2 16. Qxd2 Qb6 17. f4 Rac8 18. Ne2 Rc4 19. Bc3 Rfc8 20. Ba5 Qc6
21. Rfc1 f5 22. Bb4 Bd8 23. Ba5 Bb6 24. Bxb6 Qxb6 25. h3 a5 26. g4 b4 27.
axb4 axb4 28. Rcb1 Ba6 29. Qa2 R4c6 30. gxf5 Bxe2 31. Qxe2 exf5 32. Rd1 b3
33. Rab1 Rg6+ 34. Kh2 Rc2 35. Rd2 Rgc6 36. e6 Rxd2 37. Qxd2 Rxe6 38. Qc3
Qb8 39. Rxb3 Qxf4+ 40. Kh1 Qf1+ 0-1

[Event "21st Czech GM Open"]
[Site "Pardubice CZE"]
[Date "2010.07.31"]
[Round "9"]
[White "Chernyshov,K"]
[Black "Schuh,Di"]
[Result "1-0"]
[WhiteElo "2578"]
[BlackElo "2336"]
[EventDate "2010.07.23"]

1. Nf3 Nf6 2. d3 Nc6 3. Bf4 d6 4. d4 Nh5 5. Bg5 h6 6. Bh4 g5 7. Bg3 Bg7 8.
e3 Nxg3 9. hxg3 e6 10. Nbd2 Ne7 11. c3 e5 12. Qc2 exd4 13. cxd4 c6 14. Bd3
Bg4 15. a3 Qd7 16. b4 O-O-O 17. O-O Kb8 18. Rab1 f6 19. Rfc1 h5 20. b5 c5
21. b6 a6 22. dxc5 Rc8 23. Ne4 Bxf3 24. gxf3 d5 25. Nd6 Rc6 26. e4 d4 27.
Qe2 Ng6 28. Nxb7 Qxb7 29. Bxa6 Qe7 30. Bc4 Ne5 31. Bd5 d3 32. Qd1 d2 33.
Rc3 Rd8 34. Qa4 Qb7 35. f4 gxf4 36. gxf4 f5 37. fxe5 Bxe5 38. Bxc6 1-0

[Event "21st Czech GM Open"]
[Site "Pardubice CZE"]
[Date "2010.07.31"]
[Round "9"]
[White "Jorczik,J"]
[Black "Kasparov,S"]
[Result "1/2-1/2"]
[WhiteElo "2389"]
[BlackElo "2492"]
[EventDate "2010.07.23"]

1. d4 d5 2. c4 c6 3. Nf3 Nf6 4. e3 a6 5. Qc2 g6 6. Bd3 Bg7 7. Nbd2 O-O 8.
O-O Nbd7 9. b4 e5 10. dxe5 Ng4 11. Bb2 Ndxe5 12. c5 Re8 13. h3 Nxf3+ 14.
Nxf3 Ne5 15. Nxe5 Bxe5 16. Bxe5 Rxe5 17. Qc3 Qe7 18. a4 Bf5 19. Bxf5 Rxf5
20. Rad1 Re5 21. Rd4 Re4 22. Rfd1 Qf6 23. R1d3 Re6 24. Rf4 Qxc3 25. Rxc3
Rae8 26. Rd4 Re4 27. Rcd3 f5 28. h4 Kf7 29. g3 Rxd4 30. Rxd4 Re4 31. Kf1
Kf6 32. Ke2 Rxd4 33. exd4 h6 34. f4 h5 35. Kd3 Ke6 36. Kc3 Kd7 1/2-1/2

[Event "21st Czech GM Open"]
[Site "Pardubice CZE"]
[Date "2010.07.31"]
[Round "9"]
[White "Raykhman,A"]
[Black "Ivanov,MM"]
[Result "1/2-1/2"]
[WhiteElo "2362"]
[BlackElo "2486"]
[EventDate "2010.07.23"]

1. d4 Nf6 2. c4 e6 3. Nf3 d5 4. Nc3 c6 5. Bg5 Nbd7 6. e3 Qa5 7. Nd2 dxc4 8.
Bxf6 Nxf6 9. Nxc4 Qc7 10. Be2 Be7 11. O-O O-O 12. Rc1 Rd8 13. Qb3 Bd7 14.
Bf3 1/2-1/2

[Event "21st Czech GM Open"]
[Site "Pardubice CZE"]
[Date "2010.07.31"]
[Round "9"]
[White "Velicka,P"]
[Black "Morozov,D"]
[Result "1/2-1/2"]
[WhiteElo "2483"]
[BlackElo "2354"]
[EventDate "2010.07.23"]

1. d4 f5 2. c4 Nf6 3. Nc3 g6 4. Nf3 Bg7 5. e3 O-O 6. Bd3 d6 7. e4 fxe4 8.
Nxe4 Nxe4 9. Bxe4 Nc6 10. d5 Ne5 11. Nxe5 Bxe5 12. O-O Rb8 13. Qc2 Bf5 14.
Be3 c5 15. Bxf5 Rxf5 16. a4 Qd7 17. Rae1 a6 18. b3 b5 19. axb5 axb5 20. f4
Bg7 21. Kh1 bxc4 22. bxc4 Rb2 23. Qe4 Rf7 24. Rb1 Qf5 25. Qxf5 gxf5 26.
Rxb2 Bxb2 27. Rb1 Bf6 28. Rb8+ Rf8 29. Rxf8+ Kxf8 30. h3 h5 31. g3 Kf7 32.
Kg2 e6 33. dxe6+ Kxe6 34. Kf3 d5 35. cxd5+ Kxd5 36. Bxc5 Kxc5 37. g4 hxg4+
1/2-1/2

[Event "21st Czech GM Open"]
[Site "Pardubice CZE"]
[Date "2010.07.31"]
[Round "9"]
[White "Kuipers,S"]
[Black "Salem,AR"]
[Result "1/2-1/2"]
[WhiteElo "2354"]
[BlackElo "2469"]
[EventDate "2010.07.23"]

1. e4 e5 2. Nf3 Nc6 3. Bb5 f5 4. Nc3 fxe4 5. Nxe4 Nf6 6. Nxf6+ Qxf6 7. Qe2
Be7 8. Bxc6 dxc6 9. Nxe5 Bf5 10. O-O O-O 11. d4 Bd6 12. f4 Rae8 13. Be3
1/2-1/2

[Event "21st Czech GM Open"]
[Site "Pardubice CZE"]
[Date "2010.07.31"]
[Round "9"]
[White "Pribyl,Jo"]
[Black "Popilski,G"]
[Result "1/2-1/2"]
[WhiteElo "2325"]
[BlackElo "2451"]
[EventDate "2010.07.23"]

1. d4 Nf6 2. Nf3 c5 3. e3 g6 4. c4 Bg7 5. Nc3 O-O 6. Be2 cxd4 7. exd4 d5 8.
O-O Nc6 9. h3 Bf5 10. a3 Rc8 11. cxd5 Nxd5 12. Be3 Nxc3 13. bxc3 Na5 14.
Rc1 Be6 15. Nd2 Nc4 16. Nxc4 Bxc4 17. Re1 Qa5 18. Bd2 e6 19. Rb1 b6 20.
Bxc4 Rxc4 21. Rb4 Rfc8 22. Qb3 Qd5 23. Rb5 Qd7 24. Re2 e5 25. dxe5 Qd3 26.
Kf1 Re4 27. Be3 Rxc3 28. Qb1 Rxa3 29. Qxd3 Rxd3 30. Ra2 Rd7 31. g4 Rxe5 32.
Rxb6 Re8 1/2-1/2

[Event "21st Czech GM Open"]
[Site "Pardubice CZE"]
[Date "2010.07.31"]
[Round "9"]
[White "Feher,Ad"]
[Black "Mikhalevski,A"]
[Result "1/2-1/2"]
[WhiteElo "2319"]
[BlackElo "2437"]
[EventDate "2010.07.23"]

1. e4 e5 2. Nf3 Nc6 3. Bb5 a6 4. Ba4 Nf6 5. O-O Nxe4 6. d4 b5 7. Bb3 d5 8.
dxe5 Be6 9. Nbd2 Nc5 10. c3 Bf5 11. Bc2 Bxc2 12. Qxc2 d4 13. Nb3 d3 14. Qd1
Qd5 15. Be3 Rd8 16. Nbd4 Be7 17. b4 Ne6 18. Qxd3 Nxe5 19. Nxe5 Qxe5 1/2-1/2

[Event "21st Czech GM Open"]
[Site "Pardubice CZE"]
[Date "2010.07.31"]
[Round "9"]
[White "Nakar,Ey"]
[Black "Nurkiewicz,M"]
[Result "0-1"]
[WhiteElo "2287"]
[BlackElo "2428"]
[EventDate "2010.07.23"]

1. e4 c5 2. Nc3 Nc6 3. f4 g6 4. Nf3 Bg7 5. Bb5 Nd4 6. O-O a6 7. Bc4 e6 8.
e5 d5 9. exd6 Qxd6 10. Ne5 Nf6 11. a4 b6 12. d3 Bb7 13. Be3 h5 14. h3 h4
15. Qd2 Nf5 16. Rae1 Ng3 17. Rf2 Rd8 18. Qc1 Nd7 19. Nf3 Kf8 20. Ng5 Nf5
21. Nce4 Bxe4 22. Nxe4 Qc6 23. c3 Qxa4 24. Ng5 Qc6 25. Bd2 b5 26. Bxe6 fxe6
27. Nxe6+ Kf7 28. Nxd8+ Rxd8 29. Qd1 Nf6 30. Qf3 Qxf3 31. Rxf3 c4 32. d4
Nd5 33. Rff1 a5 34. Ra1 a4 35. Ra2 Re8 36. Bc1 Ng3 37. Rd1 Re2 38. Ra1 Bh6
39. Rb1 Bxf4 40. Rf1 Nxf1 41. Bxf4 Nxf4 42. Rxf1 g5 0-1

[Event "21st Czech GM Open"]
[Site "Pardubice CZE"]
[Date "2010.07.31"]
[Round "9"]
[White "Charochkina,D"]
[Black "Golichenko,I"]
[Result "0-1"]
[WhiteElo "2298"]
[BlackElo "2419"]
[EventDate "2010.07.23"]

1. d4 Nf6 2. c4 e6 3. Nc3 Bb4 4. Qc2 O-O 5. a3 Bxc3+ 6. Qxc3 d6 7. g3 Nbd7
8. Bg2 e5 9. dxe5 dxe5 10. Nf3 Qe7 11. O-O a5 12. b3 Ne4 13. Qc2 Nec5 14.
Bb2 a4 15. b4 Nb3 16. Rad1 c5 17. b5 f6 18. Nh4 Nb6 19. f4 Nd4 20. Qe4 Nxc4
21. Bxd4 cxd4 22. fxe5 Ne3 23. Qxd4 Nxd1 24. Bd5+ Be6 25. Nf5 Qd7 26. Qg4
Rae8 27. Rxd1 Kh8 28. e4 Bxf5 29. Qxf5 Qxf5 30. exf5 Rxe5 31. Bxb7 Rxb5 32.
Bc6 Rxf5 33. Bxa4 Ra5 34. Rd4 g6 35. Kg2 Ra6 36. Bd1 Rxa3 37. Bf3 Rc8 38.
Rd2 Kg7 39. Rd7+ Kh6 40. Rd2 Rac3 41. Rd6 Rc2+ 42. Kh3 Rf2 43. Bd1 Rb8 44.
g4 Rbb2 45. Kg3 Rg2+ 46. Kf4 Rgd2 0-1

[Event "21st Czech GM Open"]
[Site "Pardubice CZE"]
[Date "2010.07.31"]
[Round "9"]
[White "Simacek,P"]
[Black "Savitskiy,S"]
[Result "0-1"]
[WhiteElo "2532"]
[BlackElo "2245"]
[EventDate "2010.07.23"]

1. e4 e5 2. Nf3 Nf6 3. Nxe5 d6 4. Nf3 Nxe4 5. Nc3 Nxc3 6. dxc3 Nc6 7. Bf4
Be7 8. Qd2 Be6 9. O-O-O Qd7 10. h4 a6 11. Kb1 h6 12. Nd4 Nxd4 13. cxd4 d5
14. Qa5 Bd6 15. Bxd6 Qxd6 16. Bb5+ c6 17. Bd3 O-O 18. g3 Rfb8 19. f4 b6 20.
Qd2 Bg4 21. Rde1 c5 22. dxc5 bxc5 23. Re5 Qb6 24. c4 dxc4 25. Bxc4 Rd8 26.
Qc3 Rd4 27. Rxc5 Rad8 28. a3 Kh8 29. Bb3 Rd3 30. Rc6 Qxb3 31. Qxb3 Rxb3 32.
Rh2 a5 33. Rc5 a4 34. Rc4 Rbb8 35. Kc1 Be6 36. Rb4 Rbc8+ 37. Rc2 Bb3 38.
Rxc8 Rxc8+ 0-1